Jan Brzechwa "Dzik" - tekst. - Statystyki

Ogólne statystyki
  • Ten quiz został rozwiązany 156 razy
  • Średni wynik to 19 z 21
Statystyki odpowiedzi
Odpowiedź % Poprawnych
Dzik
100%
dzik
100%
dzik
100%
dziki,
94%
jest
94%
jest
94%
kły.
94%
w
94%
zły,
94%
bardzo
92%
drzewo
91%
lesie
91%
ma
91%
ostre
91%
dzika,
90%
Kto
90%
na
90%
zmyka.
88%
ten
87%
spotyka
84%
szybko
75%
Nie znaleziono quizów pasujących do podanych kryteriów
Rozkład punktacji
Procent ludzi z każdym wynikiem
Percentyl według liczby udzielonych odpowiedzi
Twoja historia wyników
Nie rozwiązałeś tego quizu